Statistics for Largest Cities Containing City, Ciudad, Ville, Polis, or Grad

Click here to take the quiz!

General Stats

  • This quiz has been taken 52 times
  • The average score is 11 of 17

Answer Stats

Population Hint Answer % Correct
22,300,000MexicoMexico City
100%
4,275,000KuwaitKuwait City
100%
3,050,000GuatemalaGuatemala City
98%
1,490,000PanamaPanama City
91%
1,400,000SerbiaBelgrade
79%
1,410,000RussiaVolgograd
79%
1,940,000USIndianapolis
67%
1,110,000USOklahoma City
63%
1,040,000USLouisville
63%
3,075,000USMinneapolis
63%
1,450,000MexicoCiudad Juarez
60%
1,940,000USKansas City
60%
1,360,000USJacksonville
53%
1,760,000RussiaNizhny Novgorod
47%
1,520,000NigeriaBenin City
40%
2,325,000USSalt Lake City
37%
1,390,000USNashville
33%

Score Distribution

Percentile by Number Answered

Percent of People with Each Score

Your Score History

You have not taken this quiz